000 00391nam a22001697a 4500
005 20161031155735.0
008 161031b xxu||||| |||| 00| 0 eng d
020 _a9783864073076
040 _cPK-LaUMT
082 _a712
_bMOD-
110 _aLOFT publication
245 _aModern garden design
260 _aBarcelona
_bKonemann
_c2014
300 _a503 p.
546 _aEN
942 _cBK
999 _c88457
_d88457